[Event "Titled Tuesday intern op 12th Jul Early"]
[Site "Chess.com INT"]
[Date "2022.07.12"]
[Round "7"]
[White "Zhigalko, Sergei"]
[Black "Golubev, Mikhail"]
[Result "1-0"]
[WhiteElo "2572"]
[BlackElo "2461"]
[PlyCount "71"]
[EventDate "2022.07.12"]
[EventType "swiss (blitz)"]
[EventRounds "11"]
[EventCountry "USA"]
[SourceTitle "EXT 2023"]
[Source "ChessBase"]
[SourceDate "2022.10.05"]
[SourceVersion "1"]
[SourceVersionDate "2022.10.05"]
[SourceQuality "1"]

1. e4 c5 2. Nf3 d6 3. d4 cxd4 4. Qxd4 Nc6 5. Bb5 Bd7 6. Bxc6 Bxc6 7. Nc3 Nf6 8. Bg5 e6 9. O-O-O Be7 10. Rhe1 O-O 11. Kb1 Qc7 12. Qd2 b5 13. Nd4 b4 14. Ncb5 Bxb5 15. Nxb5 Qc5 16. Nxd6 Rfd8 17. e5 Nd5 18. Bxe7 Nxe7 19. Qd4 Qxd4 20. Rxd4 Nc6 21. Rd3 Rd7 22. f4 Rad8 23. Red1 f6 24. exf6 gxf6 25. Kc1 Kf8 26. R3d2 Ke7 27. Ne4 Rxd2 28. Rxd2 Rc8 29. Nc5 Rc7 30. Kd1 Na5 31. Nd3 Nc4 32. Re2 Rd7 33. Ke1 Rd6 34. b3 Na3 35. Nxb4 Rd4 36. Nc6+ 1-0

[Event "Titled Tuesday intern op 12th Jul Early"]
[Site "Chess.com INT"]
[Date "2022.07.12"]
[Round "8"]
[White "Skawinski, Arkadiusz"]
[Black "Zhigalko, Sergei"]
[Result "0-1"]
[WhiteElo "2359"]
[BlackElo "2572"]
[PlyCount "72"]
[EventDate "2022.07.12"]
[EventType "swiss (blitz)"]
[EventRounds "11"]
[EventCountry "USA"]
[SourceTitle "EXT 2023"]
[Source "ChessBase"]
[SourceDate "2022.10.05"]
[SourceVersion "1"]
[SourceVersionDate "2022.10.05"]
[SourceQuality "1"]

1. e4 c5 2. Nf3 Nc6 3. c3 Nf6 4. e5 Nd5 5. d4 cxd4 6. cxd4 d6 7. Bc4 Nb6 8. Bb5 d5 9. h3 Bf5 10. Nc3 e6 11. O-O Be7 12. Be3 Rc8 13. Qe2 a6 14. Bd3 Bxd3 15. Qxd3 Nb4 16. Qe2 O-O 17. Rac1 Nc4 18. b3 Nxe3 19. Qxe3 Qa5 20. Qd2 Nc6 21. Qd3 Ba3 22. Rcd1 Be7 23. Na4 b5 24. Nc5 Nxd4 25. Qxd4 Bxc5 26. Qh4 Rc7 27. Rd3 Qxa2 28. Qg4 Rfc8 29. Ng5 Be7 30. Rg3 Bxg5 31. Qxg5 g6 32. h4 Qa3 33. h5 Rc1 34. Rxc1 Qxc1+ 35. Qxc1 Rxc1+ 36. Kh2 Kg7 0-1

[Event "Titled Tuesday intern op 12th Jul Early"]
[Site "Chess.com INT"]
[Date "2022.07.12"]
[Round "9"]
[White "Zhigalko, Sergei"]
[Black "Fier, Alexandr"]
[Result "0-1"]
[WhiteElo "2572"]
[BlackElo "2567"]
[PlyCount "104"]
[EventDate "2022.07.12"]
[EventType "swiss (blitz)"]
[EventRounds "11"]
[EventCountry "USA"]
[SourceTitle "EXT 2023"]
[Source "ChessBase"]
[SourceDate "2022.10.05"]
[SourceVersion "1"]
[SourceVersionDate "2022.10.05"]
[SourceQuality "1"]

1. e4 Nf6 2. e5 Nd5 3. Nf3 d6 4. d4 Nc6 5. Bb5 a6 6. Bxc6+ bxc6 7. O-O g6 8. c4 Nb6 9. Qe2 Bg7 10. h3 O-O 11. Nc3 a5 12. Bg5 f6 13. Bh4 Ba6 14. b3 a4 15. Rfe1 d5 16. exf6 exf6 17. Qe6+ Kh8 18. c5 Bc8 19. Qe3 Nd7 20. Nxa4 Nb8 21. Bg3 Bf5 22. Qe7 Na6 23. Qxd8 Rfxd8 24. Re7 Ra7 25. Rae1 Kg8 26. a3 Bf8 27. Re8 Rxe8 28. Rxe8 Kf7 29. Re1 Bc2 30. Re3 Bh6 31. Rc3 Bf5 32. Nb2 Nb8 33. b4 Nd7 34. Nd3 Nf8 35. Bf4 Bg7 36. Be3 g5 37. g4 Bg6 38. Nd2 Ne6 39. f3 f5 40. gxf5 Bxf5 41. Nb3 Rxa3 42. Kf2 Nxd4 43. Nxd4 Rxc3 44. Nxf5 Rxd3 45. Bxg5 Bc3 46. Bf4 Bxb4 47. Be3 Rb3 48. Nd4 Rb2+ 49. Kg3 Bxc5 50. Nxc6 Bxe3 51. Ne5+ Ke6 52. Nd3 Rd2 0-1

[Event "Titled Tuesday intern op 12th Jul Early"]
[Site "Chess.com INT"]
[Date "2022.07.12"]
[Round "10"]
[White "Vachylya, Andriy"]
[Black "Zhigalko, Sergei"]
[Result "0-1"]
[WhiteElo "2274"]
[BlackElo "2572"]
[PlyCount "206"]
[EventDate "2022.07.12"]
[EventType "swiss (blitz)"]
[EventRounds "11"]
[EventCountry "USA"]
[SourceTitle "EXT 2023"]
[Source "ChessBase"]
[SourceDate "2022.10.05"]
[SourceVersion "1"]
[SourceVersionDate "2022.10.05"]
[SourceQuality "1"]

1. e4 c5 2. Nf3 Nc6 3. Bb5 Nf6 4. Bxc6 dxc6 5. d3 Bg4 6. h3 Bh5 7. Bf4 c4 8. Qe2 cxd3 9. cxd3 e6 10. g4 Bg6 11. Nbd2 Be7 12. O-O h5 13. g5 Nd7 14. h4 O-O 15. Nc4 f6 16. gxf6 gxf6 17. Bg3 Nc5 18. Rad1 Kh7 19. Rfe1 a5 20. Qc2 b5 21. Ne3 Qd7 22. Ng2 Rg8 23. d4 Na6 24. Qe2 Bb4 25. Rf1 Bf8 26. e5 Be7 27. exf6 Bxf6 28. Be5 Be7 29. Ng5+ Bxg5 30. hxg5 Nb4 31. Nf4 Qf7 32. Bf6 Qxf6 33. gxf6 Bd3+ 34. Kh2 Bxe2 35. Nxe2 Raf8 36. Rc1 Rxf6 37. a3 Nd3 38. Rxc6 Nxf2 39. Ng3 h4 40. Rc7+ Kh6 41. Rg1 hxg3+ 42. Rxg3 Rxg3 43. Kxg3 Ne4+ 44. Kg4 Nf2+ 45. Kg3 Nd3 46. Rb7 b4 47. Rb5 Rf5 48. Rb6 Kg5 49. axb4 axb4 50. b3 Kf6 51. Rb8 Rd5 52. Kf3 Rxd4 53. Ke3 Rd5 54. Ke4 Nc5+ 55. Ke3 Nxb3 56. Rxb4 Nc5 57. Rh4 Ke7 58. Rh8 Kd6 59. Kf4 Rd4+ 60. Ke3 Rd3+ 61. Kf4 Rd5 62. Ke3 Nd7 63. Rd8 Ke7 64. Rh8 Nf6 65. Kf4 Rf5+ 66. Ke3 e5 67. Ra8 Nd7 68. Ke4 Rf4+ 69. Ke3 Rd4 70. Ra6 Nc5 71. Rh6 Ne6 72. Rh8 Kd6 73. Ra8 Rc4 74. Ra6+ Rc6 75. Ra5 Rc3+ 76. Kd2 Rc4 77. Kd3 Rd4+ 78. Ke3 Nc5 79. Ra8 Rd3+ 80. Ke2 Rb3 81. Rd8+ Kc6 82. Rc8+ Kd5 83. Rd8+ Ke4 84. Rc8 Rb2+ 85. Kd1 Nb3 86. Rc3 Kd4 87. Rh3 e4 88. Rh8 Nc5 89. Rd8+ Ke3 90. Rh8 Rb1+ 91. Kc2 Rf1 92. Rh3+ Rf3 93. Rh4 Nd3 94. Kd1 Rf1+ 95. Kc2 Rc1+ 96. Kb3 Rc8 97. Rh3+ Kd4 98. Rh6 e3 99. Rd6+ Ke4 100. Rf6 e2 101. Re6+ Ne5 102. Rxe5+ Kxe5 103. Kb2 e1=Q 0-1

[Event "Titled Tuesday intern op 12th Jul Early"]
[Site "Chess.com INT"]
[Date "2022.07.12"]
[Round "11"]
[White "Janaszak, Dawid"]
[Black "Zhigalko, Sergei"]
[Result "0-1"]
[WhiteElo "2331"]
[BlackElo "2572"]
[PlyCount "96"]
[EventDate "2022.07.12"]
[EventType "swiss (blitz)"]
[EventRounds "11"]
[EventCountry "USA"]
[SourceTitle "EXT 2023"]
[Source "ChessBase"]
[SourceDate "2022.10.05"]
[SourceVersion "1"]
[SourceVersionDate "2022.10.05"]
[SourceQuality "1"]

1. e4 c5 2. Nc3 Nc6 3. Bb5 Nd4 4. Nf3 e6 5. O-O a6 6. Bd3 Nxf3+ 7. Qxf3 Bd6 8. b3 Qc7 9. Qh3 Ne7 10. Bb2 Be5 11. Rae1 b5 12. f4 Bd4+ 13. Kh1 Bb7 14. Nd1 Bxb2 15. Nxb2 O-O-O 16. a4 Bc6 17. axb5 axb5 18. c4 b4 19. Qe3 d6 20. Ra1 Kb7 21. Be2 Qb6 22. Bf3 Ra8 23. Nd3 Rhd8 24. h3 Kc7 25. Qf2 Ra3 26. Rab1 Ra2 27. Rfd1 Rd7 28. Nc1 Ra8 29. Nd3 f6 30. Qh4 h6 31. Qf2 e5 32. Bg4 Bxe4 33. Qe3 f5 34. Be2 Nc6 35. Rb2 Bxd3 36. Bxd3 e4 37. Bf1 Re7 38. d3 exd3 39. Qxd3 Nd4 40. Qg3 Qb7 41. Rbd2 Qe4 42. Kh2 Qe3 43. Qh4 Re4 44. Bd3 Qxf4+ 45. Qxf4 Rxf4 46. Kg3 g5 47. Re1 Kd7 48. Rb2 Ra3 0-1

[Event "Titled Tuesday intern op 12th Jul Late"]
[Site "Chess.com INT"]
[Date "2022.07.12"]
[Round "1"]
[White "Toncheva, Nadya"]
[Black "Zhigalko, Sergei"]
[Result "0-1"]
[WhiteElo "2228"]
[BlackElo "2572"]
[PlyCount "106"]
[EventDate "2022.07.12"]
[EventType "swiss (blitz)"]
[EventRounds "11"]
[EventCountry "USA"]
[SourceTitle "EXT 2023"]
[Source "ChessBase"]
[SourceDate "2022.10.05"]
[SourceVersion "1"]
[SourceVersionDate "2022.10.05"]
[SourceQuality "1"]

1. e4 c5 2. Nf3 Nc6 3. d4 cxd4 4. Nxd4 Nf6 5. Nc3 e5 6. Ndb5 d6 7. Bg5 a6 8. Na3 b5 9. Nd5 Be7 10. Bxf6 Bxf6 11. c3 Bg5 12. Nc2 Ne7 13. Nce3 O-O 14. Be2 Bxe3 15. Nxe3 Rb8 16. O-O a5 17. Qd2 Qc7 18. Rfd1 Rd8 19. a4 bxa4 20. Nc4 Be6 21. Rxa4 d5 22. exd5 Nxd5 23. Qc1 Nf4 24. Rxd8+ Rxd8 25. Bf1 Bd5 26. Nxe5 Nxg2 27. Bxg2 Bxg2 28. Kxg2 Qxe5 29. Qf4 Qb5 30. Rd4 Re8 31. Re4 Qb7 32. f3 Qxb2+ 33. Kg3 Rf8 34. Qc7 Qa1 35. Kg2 g6 36. Qd7 Qxc3 37. Ra4 Rb8 38. Rf4 Rf8 39. Ra4 h5 40. Qb5 Ra8 41. Qd5 Qc2+ 42. Kg3 Qxa4 43. Qxa8+ Kg7 44. Qd5 Qa1 45. f4 a4 46. f5 Qf6 47. fxg6 Qxg6+ 48. Kf2 Qf6+ 49. Kg3 Qg6+ 50. Kf2 Kh7 51. h4 a3 52. Qb3 Qf6+ 53. Kg2 Qb2+ 0-1

[Event "Titled Tuesday intern op 12th Jul Late"]
[Site "Chess.com INT"]
[Date "2022.07.12"]
[Round "2"]
[White "Zhigalko, Sergei"]
[Black "Rostomyan, Mikayel"]
[Result "1-0"]
[WhiteElo "2572"]
[BlackElo "1977"]
[PlyCount "59"]
[EventDate "2022.07.12"]
[EventType "swiss (blitz)"]
[EventRounds "11"]
[EventCountry "USA"]
[SourceTitle "EXT 2023"]
[Source "ChessBase"]
[SourceDate "2022.10.05"]
[SourceVersion "1"]
[SourceVersionDate "2022.10.05"]
[SourceQuality "1"]

1. e4 c5 2. Nf3 Nc6 3. c3 Nf6 4. e5 Nd5 5. Bc4 Nb6 6. Bb3 d5 7. exd6 Qxd6 8. O-O Bg4 9. Bxf7+ Kd8 10. d4 cxd4 11. cxd4 Qf6 12. Bb3 Bxf3 13. Qxf3 Qxf3 14. gxf3 Nxd4 15. Rd1 e5 16. f4 Kc7 17. fxe5 Nxb3 18. axb3 Bc5 19. Nc3 Kc6 20. Ne4 Nd5 21. Bd2 b6 22. Rac1 Kb5 23. Bg5 Nb4 24. Rd7 h6 25. Be3 Rac8 26. Bxc5 bxc5 27. Rb7+ Ka6 28. Nd6 Nc6 29. Ra1+ Na5 30. Rb5 1-0

[Event "Titled Tuesday intern op 12th Jul Late"]
[Site "Chess.com INT"]
[Date "2022.07.12"]
[Round "3"]
[White "Fecker, Noah"]
[Black "Zhigalko, Sergei"]
[Result "0-1"]
[WhiteElo "2387"]
[BlackElo "2572"]
[PlyCount "60"]
[EventDate "2022.07.12"]
[EventType "swiss (blitz)"]
[EventRounds "11"]
[EventCountry "USA"]
[SourceTitle "EXT 2023"]
[Source "ChessBase"]
[SourceDate "2022.10.05"]
[SourceVersion "1"]
[SourceVersionDate "2022.10.05"]
[SourceQuality "1"]

1. Nf3 d5 2. g3 c6 3. Bg2 Bg4 4. O-O e6 5. d3 Bd6 6. Nbd2 Ne7 7. c4 O-O 8. b3 a5 9. a3 Nd7 10. Bb2 Re8 11. Qc2 Bh5 12. e4 Rc8 13. Rfe1 Qb6 14. Bc3 f6 15. e5 fxe5 16. Nxe5 Nxe5 17. Bxe5 Bc5 18. Nf1 Rf8 19. Ne3 Nf5 20. Nxf5 Rxf5 21. Bf4 Rcf8 22. Bh3 Rxf4 23. gxf4 Rxf4 24. Bxe6+ Kh8 25. Rf1 Qd8 26. Rfe1 Qf6 27. cxd5 Bxf2+ 28. Kf1 Bd4+ 29. Kg2 Rf2+ 30. Kg1 Rxc2+ 0-1

[Event "Titled Tuesday intern op 12th Jul Late"]
[Site "Chess.com INT"]
[Date "2022.07.12"]
[Round "4"]
[White "Zhigalko, Sergei"]
[Black "Deac, Bogdan Daniel"]
[Result "1-0"]
[WhiteElo "2572"]
[BlackElo "2692"]
[PlyCount "103"]
[EventDate "2022.07.12"]
[EventType "swiss (blitz)"]
[EventRounds "11"]
[EventCountry "USA"]
[SourceTitle "EXT 2023"]
[Source "ChessBase"]
[SourceDate "2022.10.05"]
[SourceVersion "1"]
[SourceVersionDate "2022.10.05"]
[SourceQuality "1"]

1. e4 e5 2. Nf3 Nf6 3. d4 Nxe4 4. Bd3 d5 5. Nxe5 Nd7 6. Nxd7 Bxd7 7. O-O Be7 8. Re1 Nf6 9. Bf4 O-O 10. Nd2 Bg4 11. Be2 Bf5 12. Nf1 Bd6 13. Be5 Re8 14. Bd3 Bxd3 15. Qxd3 Bxe5 16. dxe5 Ne4 17. f3 Nc5 18. Qd2 c6 19. c3 Qc7 20. Qd4 Ne6 21. Qd2 Nc5 22. Qd4 Qb6 23. Rad1 Ne6 24. Qf2 Nf4 25. Rd4 Ne6 26. Rd2 Rad8 27. Ne3 Nf4 28. Rd4 Ne6 29. Rb4 Qc7 30. Nf5 g6 31. Nd6 b5 32. Nxe8 Rxe8 33. Rh4 a5 34. f4 Ng7 35. Rh3 b4 36. Rc1 Rb8 37. Rd3 b3 38. a3 Ne6 39. f5 Ng5 40. Re1 Ne4 41. Qf4 Re8 42. f6 g5 43. Qf5 Rxe5 44. Rxe4 Rxe4 45. Qxg5+ Kf8 46. Qg7+ Ke8 47. Qg8+ Kd7 48. Qxh7 Kd6 49. Qxe4 Qa7+ 50. Qe3 Qd7 51. Qe7+ Qxe7 52. fxe7 1-0

[Event "Titled Tuesday intern op 12th Jul Late"]
[Site "Chess.com INT"]
[Date "2022.07.12"]
[Round "5"]
[White "Kollars, Dmitrij"]
[Black "Zhigalko, Sergei"]
[Result "1-0"]
[WhiteElo "2648"]
[BlackElo "2572"]
[PlyCount "59"]
[EventDate "2022.07.12"]
[EventType "swiss (blitz)"]
[EventRounds "11"]
[EventCountry "USA"]
[SourceTitle "EXT 2023"]
[Source "ChessBase"]
[SourceDate "2022.10.05"]
[SourceVersion "1"]
[SourceVersionDate "2022.10.05"]
[SourceQuality "1"]

1. Nf3 d5 2. g3 c6 3. Bg2 Bg4 4. O-O e6 5. h3 Bh5 6. d4 Nf6 7. c4 Be7 8. Qb3 Qb6 9. Nc3 O-O 10. Bf4 Nbd7 11. Rfe1 Bg6 12. c5 Qa6 13. Nh4 b6 14. Nxg6 hxg6 15. cxb6 axb6 16. a4 Rfc8 17. e4 dxe4 18. Nxe4 Nd5 19. Bd6 N7f6 20. Bxe7 Nxe4 21. Rxe4 Nxe7 22. Rxe6 fxe6 23. Qxe6+ Kf8 24. Ra3 Qa5 25. Rf3+ Ke8 26. Rf7 Qb4 27. d5 cxd5 28. Bxd5 Rc1+ 29. Kh2 Rac8 30. Rf8+ 1-0

[Event "Titled Tuesday intern op 12th Jul Late"]
[Site "Chess.com INT"]
[Date "2022.07.12"]
[Round "6"]
[White "Caruana, Fabiano"]
[Black "Zhigalko, Sergei"]
[Result "1-0"]
[WhiteElo "2783"]
[BlackElo "2572"]
[PlyCount "91"]
[EventDate "2022.07.12"]
[EventType "swiss (blitz)"]
[EventRounds "11"]
[EventCountry "USA"]
[SourceTitle "EXT 2023"]
[Source "ChessBase"]
[SourceDate "2022.10.05"]
[SourceVersion "1"]
[SourceVersionDate "2022.10.05"]
[SourceQuality "1"]

1. e4 c5 2. Nf3 Nc6 3. Bb5 Nf6 4. Nc3 Qc7 5. O-O Nd4 6. Re1 a6 7. Bf1 e5 8. Nd5 Nxd5 9. exd5 d6 10. c3 Nxf3+ 11. Qxf3 Be7 12. b4 O-O 13. bxc5 dxc5 14. c4 Bd6 15. Bb2 f5 16. g3 Bd7 17. d3 Rae8 18. Bg2 b5 19. Rac1 b4 20. Rc2 a5 21. Rce2 a4 22. Qe3 f4 23. gxf4 Rxf4 24. h3 a3 25. Ba1 Ref8 26. Qg3 R4f6 27. Rxe5 Rg6 28. Qe3 Qc8 29. Rg5 Bf4 30. Rxg6 hxg6 31. Qe7 Rf7 32. Qe2 Bxh3 33. Qe8+ Rf8 34. Qxg6 Bh6 35. Re7 Qg4 36. Qxg4 Bxg4 37. d6 Rd8 38. Bd5+ Kh7 39. Be4+ Kg8 40. Be5 Bd1 41. d7 Bh5 42. Bc7 Rxd7 43. Rxd7 Bg4 44. Rd8+ Kf7 45. Be5 Ke7 46. Ra8 1-0

[Event "Titled Tuesday intern op 12th Jul Late"]
[Site "Chess.com INT"]
[Date "2022.07.12"]
[Round "7"]
[White "Zhigalko, Sergei"]
[Black "Yurovskich, Oleksandr"]
[Result "1-0"]
[WhiteElo "2572"]
[BlackElo "2328"]
[PlyCount "141"]
[EventDate "2022.07.12"]
[EventType "swiss (blitz)"]
[EventRounds "11"]
[EventCountry "USA"]
[SourceTitle "EXT 2023"]
[Source "ChessBase"]
[SourceDate "2022.10.05"]
[SourceVersion "1"]
[SourceVersionDate "2022.10.05"]
[SourceQuality "1"]

1. e4 d5 2. exd5 Qxd5 3. Nc3 Qd8 4. d4 Nf6 5. Bc4 a6 6. a4 Nc6 7. Nf3 Bg4 8. d5 Nb4 9. O-O c6 10. dxc6 Qxd1 11. Rxd1 bxc6 12. Bb3 e6 13. a5 Be7 14. Na4 O-O 15. c3 Nbd5 16. Bc4 Bxf3 17. gxf3 Nc7 18. Be3 Nb5 19. Bc5 Rfe8 20. Bxe7 Rxe7 21. Nc5 Nd5 22. Bf1 Nbc7 23. Rd2 g6 24. Rad1 Kg7 25. c4 Nb4 26. Rd7 Rae8 27. f4 e5 28. fxe5 Rxe5 29. Nb3 Rg5+ 30. Kh1 Ne6 31. h3 Nf4 32. Nd4 c5 33. Nf3 Rf5 34. Nh4 Rf6 35. Kh2 Ne6 36. R7d2 Nd4 37. Bg2 Re5 38. Rxd4 cxd4 39. Nf3 Rxa5 40. Rxd4 Raf5 41. Kg3 Nc6 42. Re4 Nb4 43. b3 a5 44. h4 h6 45. Re3 Rf4 46. Bh3 Rxf3+ 47. Rxf3 Rxf3+ 48. Kxf3 Na6 49. Bd7 Nc5 50. Ba4 Kf6 51. Ke3 Ke5 52. f4+ Kf5 53. Kd4 Ne6+ 54. Kd5 Nxf4+ 55. Kd6 Nd3 56. c5 Nxc5 57. Kxc5 g5 58. hxg5 hxg5 59. Be8 Ke6 60. Kb5 g4 61. Bc6 f5 62. Bb7 f4 63. Bc8+ Kd5 64. Bxg4 Kd6 65. Kxa5 Kc7 66. b4 Kb7 67. Bf3+ Kc7 68. b5 Kb8 69. b6 Kc8 70. Kb5 Kb8 71. Ka6 1-0

[Event "Titled Tuesday intern op 12th Jul Late"]
[Site "Chess.com INT"]
[Date "2022.07.12"]
[Round "8"]
[White "Zhigalko, Sergei"]
[Black "Shuvalova, Polina"]
[Result "1-0"]
[WhiteElo "2572"]
[BlackElo "2498"]
[PlyCount "63"]
[EventDate "2022.07.12"]
[EventType "swiss (blitz)"]
[EventRounds "11"]
[EventCountry "USA"]
[SourceTitle "EXT 2023"]
[Source "ChessBase"]
[SourceDate "2022.10.05"]
[SourceVersion "1"]
[SourceVersionDate "2022.10.05"]
[SourceQuality "1"]

1. e4 c6 2. d4 d5 3. e5 c5 4. Nf3 cxd4 5. Qxd4 Nc6 6. Qf4 e6 7. Bd3 Nge7 8. O-O Ng6 9. Qg3 Be7 10. a3 Qc7 11. Re1 Bd7 12. h4 O-O-O 13. h5 Ngxe5 14. Nxe5 Bd6 15. f4 f6 16. Nf7 e5 17. Nxd6+ Qxd6 18. fxe5 fxe5 19. Nc3 g6 20. h6 Rhf8 21. Bg5 Rde8 22. Rad1 Qc5+ 23. Be3 d4 24. Ne4 Qb6 25. Nd6+ Kb8 26. Nxe8 dxe3 27. Qxe3 Qxe3+ 28. Rxe3 Rxe8 29. Bxg6 hxg6 30. Rxd7 Kc8 31. Rg7 Nd4 32. h7 1-0

[Event "Titled Tuesday intern op 12th Jul Late"]
[Site "Chess.com INT"]
[Date "2022.07.12"]
[Round "9"]
[White "Khanin, Semen"]
[Black "Zhigalko, Sergei"]
[Result "0-1"]
[WhiteElo "2550"]
[BlackElo "2572"]
[PlyCount "80"]
[EventDate "2022.07.12"]
[EventType "swiss (blitz)"]
[EventRounds "11"]
[EventCountry "USA"]
[SourceTitle "EXT 2023"]
[Source "ChessBase"]
[SourceDate "2022.10.05"]
[SourceVersion "1"]
[SourceVersionDate "2022.10.05"]
[SourceQuality "1"]

1. e4 c5 2. c3 Nf6 3. e5 Nd5 4. Bc4 Nb6 5. Bb3 Nc6 6. Nf3 g6 7. O-O Bg7 8. d4 cxd4 9. cxd4 O-O 10. Nc3 d5 11. h3 Bf5 12. Nh4 Be6 13. f4 f5 14. Nf3 Kh8 15. Qe1 Rc8 16. Qh4 Bg8 17. Be3 Nc4 18. Bxc4 dxc4 19. d5 Nb4 20. Rad1 a6 21. Ng5 Nd3 22. b3 b5 23. bxc4 bxc4 24. Rb1 Qa5 25. Bd4 Rb8 26. Ne6 Bxe6 27. dxe6 Rbd8 28. Bb6 Qxc3 29. Bxd8 Qd4+ 30. Kh2 Qxd8 31. Rb7 Nc5 32. Qxe7 Nxb7 33. Qxb7 Qc8 34. Qd7 Rd8 35. Qf7 Rf8 36. Qd7 Rd8 37. Qf7 Re8 38. Qd7 Bh6 39. g3 Rd8 40. Qf7 Rf8 0-1

[Event "Titled Tuesday intern op 12th Jul Late"]
[Site "Chess.com INT"]
[Date "2022.07.12"]
[Round "10"]
[White "Bluebaum, Matthias"]
[Black "Zhigalko, Sergei"]
[Result "1-0"]
[WhiteElo "2673"]
[BlackElo "2572"]
[PlyCount "49"]
[EventDate "2022.07.12"]
[EventType "swiss (blitz)"]
[EventRounds "11"]
[EventCountry "USA"]
[SourceTitle "EXT 2023"]
[Source "ChessBase"]
[SourceDate "2022.10.05"]
[SourceVersion "1"]
[SourceVersionDate "2022.10.05"]
[SourceQuality "1"]

1. d4 Nf6 2. c4 e6 3. Nc3 Bb4 4. e3 O-O 5. Bd2 b6 6. Bd3 Bb7 7. Nf3 d5 8. cxd5 exd5 9. Rc1 a6 10. O-O Bd6 11. Ne5 c5 12. f4 Nc6 13. Ng4 Nb4 14. Bb1 c4 15. Ne5 b5 16. Be1 Be7 17. Qf3 Rc8 18. a3 Nd3 19. Nxd3 cxd3 20. Bxd3 Ne4 21. Qd1 Qd7 22. Nxe4 dxe4 23. Be2 Rxc1 24. Qxc1 Rc8 25. Bc3 1-0

[Event "Titled Tuesday intern op 12th Jul Late"]
[Site "Chess.com INT"]
[Date "2022.07.12"]
[Round "11"]
[White "Zhigalko, Sergei"]
[Black "Sevgi, Volkan"]
[Result "1-0"]
[WhiteElo "2572"]
[BlackElo "2305"]
[PlyCount "103"]
[EventDate "2022.07.12"]
[EventType "swiss (blitz)"]
[EventRounds "11"]
[EventCountry "USA"]
[SourceTitle "EXT 2023"]
[Source "ChessBase"]
[SourceDate "2022.10.05"]
[SourceVersion "1"]
[SourceVersionDate "2022.10.05"]
[SourceQuality "1"]

1. e4 c6 2. d4 d5 3. e5 Bf5 4. Nf3 e6 5. Be2 Bb4+ 6. c3 Ba5 7. O-O Bc7 8. Re1 Nd7 9. Nbd2 Ne7 10. Nf1 h6 11. Ng3 g5 12. h4 g4 13. Nh2 h5 14. Bg5 Qc8 15. f3 f6 16. exf6 Bxg3 17. fxe7 Qc7 18. Nf1 Bxe1 19. Qxe1 Rg8 20. Ng3 Rxg5 21. hxg5 Bg6 22. fxg4 h4 23. Nh5 Bxh5 24. gxh5 Qf4 25. g6 Kxe7 26. Qf2 Qxf2+ 27. Kxf2 Kf6 28. g3 hxg3+ 29. Kxg3 Kg5 30. Rf1 Nf6 31. Bf3 Nxh5+ 32. Bxh5 Kxh5 33. g7 Rg8 34. Rf7 Kg6 35. Rxb7 Rxg7 36. Rxg7+ Kxg7 37. Kf4 Kf6 38. b4 a6 39. a3 Kf7 40. Ke5 Ke7 41. a4 Kd7 42. Kf6 Kd6 43. a5 Kd7 44. Kf7 Kd6 45. Ke8 c5 46. bxc5+ Kc6 47. Kf7 e5 48. dxe5 Kxc5 49. e6 Kc4 50. e7 Kxc3 51. e8=Q d4 52. Qc6+ 1-0

[Event "Titled Tuesday intern op 19th Jul Early"]
[Site "Chess.com INT"]
[Date "2022.07.19"]
[Round "1"]
[White "Zhigalko, Sergei"]
[Black "Perrine, Dalton"]
[Result "1-0"]
[WhiteElo "2572"]
[BlackElo "2286"]
[PlyCount "77"]
[EventDate "2022.07.19"]
[EventType "swiss (blitz)"]
[EventRounds "11"]
[EventCountry "USA"]
[SourceTitle "EXT 2023"]
[Source "ChessBase"]
[SourceDate "2022.10.05"]
[SourceVersion "1"]
[SourceVersionDate "2022.10.05"]
[SourceQuality "1"]

1. e4 c5 2. Nf3 e6 3. c3 Nf6 4. e5 Nd5 5. Bc4 d6 6. d4 cxd4 7. cxd4 Nb6 8. Bd3 Nc6 9. O-O dxe5 10. dxe5 Nb4 11. Be4 Qxd1 12. Rxd1 N4d5 13. Nc3 Nxc3 14. bxc3 Na4 15. Bd2 Nc5 16. Bc2 h6 17. Be3 Bd7 18. a4 Rc8 19. a5 a6 20. Rab1 Rc7 21. Nd2 Ba4 22. Bxa4+ Nxa4 23. Ne4 Be7 24. Rd4 Nxc3 25. Nxc3 Rxc3 26. Rxb7 Bc5 27. Rb8+ Ke7 28. Rb7+ Ke8 29. Rd1 Bxe3 30. Rb8+ Ke7 31. Rb7+ Ke8 32. fxe3 Rf8 33. Rd6 Rxe3 34. Rxa6 Rd3 35. Ra8+ Rd8 36. Rxd8+ Kxd8 37. Rb8+ Ke7 38. Rxf8 Kxf8 39. a6 1-0

[Event "Titled Tuesday intern op 19th Jul Early"]
[Site "Chess.com INT"]
[Date "2022.07.19"]
[Round "2"]
[White "Manukyan, Sargis V"]
[Black "Zhigalko, Sergei"]
[Result "1/2-1/2"]
[WhiteElo "2253"]
[BlackElo "2572"]
[PlyCount "88"]
[EventDate "2022.07.19"]
[EventType "swiss (blitz)"]
[EventRounds "11"]
[EventCountry "USA"]
[SourceTitle "EXT 2023"]
[Source "ChessBase"]
[SourceDate "2022.10.05"]
[SourceVersion "1"]
[SourceVersionDate "2022.10.05"]
[SourceQuality "1"]

1. d4 Nf6 2. c4 e6 3. Nc3 Bb4 4. Bd2 O-O 5. Nf3 b6 6. e3 Bb7 7. Bd3 d5 8. cxd5 exd5 9. Rc1 a6 10. Ne5 Bd6 11. f4 c5 12. O-O Nc6 13. Be1 Ne7 14. Bh4 Ne4 15. Nxe4 dxe4 16. Bc4 b5 17. dxc5 Bxe5 18. Qxd8 Raxd8 19. fxe5 Rde8 20. Bb3 Nc6 21. Bd5 Rxe5 22. Rcd1 h6 23. Bg3 Rg5 24. Bd6 Rxd5 25. Rxd5 Rd8 26. Rd2 Nb4 27. a3 Nd3 28. b4 Bc6 29. h3 Re8 30. Kh2 f6 31. g4 Kh7 32. Kg3 Kg6 33. Rf5 Ra8 34. Bc7 Ra7 35. Bb6 Rd7 36. Rf1 Rd5 37. Rfd1 Rd7 38. Rf1 Kf7 39. Rfd1 Ke6 40. Rf1 Ke7 41. Rfd1 Ke8 42. Rf1 Ke7 43. Rfd1 Ke6 44. Rf1 Ke7 1/2-1/2

[Event "Titled Tuesday intern op 19th Jul Early"]
[Site "Chess.com INT"]
[Date "2022.07.19"]
[Round "3"]
[White "Zhigalko, Sergei"]
[Black "Itgelt, Khuyagtsogt"]
[Result "1-0"]
[WhiteElo "2572"]
[BlackElo "2184"]
[PlyCount "85"]
[EventDate "2022.07.19"]
[EventType "swiss (blitz)"]
[EventRounds "11"]
[EventCountry "USA"]
[SourceTitle "EXT 2023"]
[Source "ChessBase"]
[SourceDate "2022.10.05"]
[SourceVersion "1"]
[SourceVersionDate "2022.10.05"]
[SourceQuality "1"]

1. e4 e5 2. Nf3 Nc6 3. Bc4 Bc5 4. b4 Bxb4 5. c3 Be7 6. d4 d6 7. Qb3 Na5 8. Bxf7+ Kf8 9. Qa4 Kxf7 10. Qxa5 Bg4 11. Nbd2 Nf6 12. dxe5 dxe5 13. Nxe5+ Kg8 14. Nxg4 Nxg4 15. Qb5 b6 16. h3 Nf6 17. Qc4+ Kf8 18. O-O Qd6 19. Nf3 Qc5 20. Qe2 Re8 21. Be3 Qc6 22. e5 Nd5 23. Rac1 Kf7 24. Nd4 Qa8 25. Qf3+ Kg8 26. Nf5 Bf8 27. Qg4 Kf7 28. c4 Nb4 29. c5 Nd5 30. Bd4 Re6 31. Rfd1 g6 32. Ne3 Nxe3 33. Bxe3 Be7 34. cxb6 cxb6 35. Qf4+ Kg7 36. Qh6+ Kg8 37. Rc7 Qf8 38. Rdd7 Qxh6 39. Bxh6 Kf7 40. Bg5 Re8 41. f4 Kf8 42. Bxe7+ R8xe7 43. Rxa7 1-0